000 00728nam a2200289Ia 4500
005 20260324112709.0
008 008 260324s9999 xx 000 0 eng d
020 _a9781003346289
037 _aEBOOK
040 _aCRL
040 _beng
040 _cCRL
041 _2eng
041 _aeng
084 _qCRL
100 _aSonali Vyas; Sunil Gupta; Monit Kapoor; Samiya Khan
_91143777
245 0 _aHandbook on Augmenting Telehealth Services
245 0 _bUsing Artificial Intelligence
260 _bTaylor and Francis
260 _c2024
365 _a
365 _b355
856 _uhttp://www.taylorfrancis.com/books/9781003346289
942 _cEBOOK
999 _c1733082
_d1733082